Prehistoria de las Baleares / (Registro nro. 100394)

Detalles MARC
000 -LEADER
campo de control de longitud fija 00567nam a2200169 i 4500
001 - NÚMERO DE CONTROL
campo de control 100394
003 - IDENTIFICADOR DE NÚMERO DE CONTROL
campo de control ES-MaACL
005 - FECHA Y HORA DE LA ÚLTIMA TRANSACCIÓN
campo de control 20230906182651.0
007 - CAMPO FIJO DE DESCRIPCIÓN FÍSICA--INFORMACIÓN GENERAL
campo de control de longitud fija t|
008 - DATOS DE LONGITUD FIJA--INFORMACIÓN GENERAL
campo de control de longitud fija 050928s1968 sp ||||1| spa d
100 1# - ENTRADA PRINCIPAL--NOMBRE DE PERSONA
Nombre de persona Mascaró Pasarius, J.
9 (RLIN) 78687
245 10 - MENCIÓN DEL TÍTULO
Título Prehistoria de las Baleares /
Mención de responsabilidad, etc. por J. Mascaró Pasarius.
260 ## - PUBLICACIÓN, DISTRIBUCIÓN, ETC.
Lugar de publicación, distribución, etc. Palma de Mallorca :
Nombre del editor, distribuidor, etc. Miramar,
Fecha de publicación, distribución, etc. 1968.
300 ## - DESCRIPCIÓN FÍSICA
Extensión 874 p., 1 h. con 170 lám., 2 map. pleg. :
Otras características físicas il. ;
Dimensiones 24 cm.
651 #4 - PUNTO DE ACCESO ADICIONAL DE MATERIA--NOMBRE GEOGRÁFICO
Nombre geográfico Baleares (Comunidad Autónoma)-
Subdivisión general Restos arqueológicos.
9 (RLIN) 151279
852 ## - LOCALIZACIÓN
Ubicación ES-MaACL
Número de control de estantería G-5447
Sublocalización o colección R.65778
Existencias
Estatus retirado Estado de pérdida Estado de daño No para préstamo Biblioteca de origen Biblioteca actual Ubicación en estantería Fecha de adquisición Fuente de adquisición Total de préstamos Signatura topográfica completa Código de barras Visto por última vez Precio de reemplazo Tipo de ítem Koha
        Biblioteca del Ateneo de Madrid Biblioteca del Ateneo de Madrid Depósito 2 17/01/2008     G-5447 1104824 23/02/2023 23/02/2023 Libro impreso